• 首页
  • 本馆介绍
  • 公告通知
  • 最新文献
  • 馆藏检索
  • 电子资源
  • 读者导购
  • 参考咨询
  • 我的图书馆
  • 登录
  • 详细信息显示
  • 放入我的书架
  • 预约/预借图书
  • 作者相关作品
  • 分类相关作品
  • 丛书相关作品
  • 出版社相关作品

书目信息

  • 表格格式
  • 工作单格式
  • 卡片格式
题名:
采购管理
    
 
作者: 梁世翔 主编
分册:  
出版信息: 北京   高等教育出版社  2019
页数: 224页
开本: 26cm
丛书名:
单 册:
中图分类: F253.2
科图分类:
主题词: 采购管理--职业教育--教材
电子资源:
ISBN: 978-7-04-051158-1
000 00937nam0 2200241 450
001 0104748781
005 20190726153152.0
010    @a978-7-04-051158-1@dCNY44.60
100    @a20190326d2019 em y0chiy0120 ea
101 0  @achi
102    @aCN@b110000
105    @ay z 000yy
106    @ar
200 1  @a采购管理@9Cai Gou Guan Li @f梁世翔主编@b专著
210    @a北京@c高等教育出版社@d2019
215    @a224页@d26cm
300    @a“十二五”职业教育国家规划教材修订版 国家职业教育物流管理专业教学资源库转型升级配套教材 高等职业教育在线开放课程新形态一体化规划教材
330    @a本书以真实企业的采购业务为主线,详细介绍了采购管理认知、采购需求分析、采购计划制订、采购寻缘、采购成本分析、采购洽商、采购合同履行、供应商关系管理、采购绩效管理等内容。
606 0  @a采购管理@x职业教育@j教材
690    @aF253.2@v5
701  0 @a梁世翔@f(1964~)@4主编@9liang shi xiang
801  0 @aCN@bAZmarc@c20230906
905    @aBZT@dF253@e30@f1@sF253/30
    
    采购管理/梁世翔主编.-北京:高等教育出版社,2019
    224页;26cm
    “十二五”职业教育国家规划教材修订版 国家职业教育物流管理专业教学资源库转型升级配套教材 高等职业教育在线开放课程新形态一体化规划教材
    
    ISBN 978-7-04-051158-1:CNY44.60
    本书以真实企业的采购业务为主线,详细介绍了采购管理认知、采购需求分析、采购计划制订、采购寻缘、采购成本分析、采购洽商、采购合同履行、供应商关系管理、采购绩效管理等内容。
●
相关链接 在五车中查询图书 在当当中查询图书 在豆瓣中查询图书


正题名:采购管理     索取号:F253/30         预约/预借

序号 登录号 条形码 馆藏地/架位号 状态 备注
1 2000004472   2000004472   旧书回溯/ [索取号:F253/30] 在馆    
山东省滨州职业学院图书馆 欢迎您!
大连网信软件有限公司© 版权所有